000 00605nam a2200253 a 4500
001 nice12345678
003 IN_TiNIC
005 20260116012925.0
008 050524s1989 dela grp 000 0 eng
020 _a
_c200
082 0 0 _a323.39710954
_bANS
100 _aAnsari, Iqbal A
245 _aMuslim Situation in India
260 _aDelhi
_bSterling Publishers
_c1989
300 _a253p
500 _aincludes index and biblioraphy
505 2 _aindex
650 _aMuslims-India
650 _aIslam-India
700 1 _aAnsari, Iqbal A
902 _bSRS
942 _cBK
999 _c8910
_d8910